Les 10 Etats américains les plus riches - Statistiques

Statistiques générales
  • Ce quiz a été pris 198 fois
  • Le résultat moyen est 8 sur 10
Statistiques - réponses
PIB (en milliards de $) Etat % Correct
1 958 904 Californie
98%
1 157 969 New York
97%
1 308 132 Texas
96%
843 091 Floride
93%
751 094 Illinois
75%
496 092 Caroline du Nord
68%
478 747 Virginie
65%
545 765 New Jersey
64%
551 881 Ohio
62%
647 443 Pennsylvanie
62%
Aucun quiz correspondant
Distribution des résultats
% des personnes avec chaque résultat
Percentile par nombre de réponses
Votre historique - résultats
Vous n’avez pas pris ce quiz